[Event "Heraklion ESSNA op"]
[Site "Heraklion"]
[Date "1998.??.??"]
[Round "5"]
[White "Panagiotidis, Dimitrios"]
[Black "Shahtahtinsky, Alekper"]
[Result "0-1"]
[WhiteElo "1900"]
[BlackElo "2305"]
[PlyCount "52"]
[EventDate "1998.??.??"]
[EventType "swiss"]
[EventRounds "9"]
[EventCountry "GRE"]
[SourceTitle "EXT 2004"]
[Source "ChessBase"]
[SourceDate "2003.11.25"]
[SourceVersion "1"]
[SourceVersionDate "2003.11.25"]
[SourceQuality "1"]

1. c4 e5 2. Nc3 Bb4 3. a3 Bxc3 4. bxc3 d6 5. d4 Ne7 6. e4 0-0 7. Nf3 Nbc6 8. Bg5 f6 9. Be3 Qe8 10. Bd3 f5 11. exf5 Nxf5 12. Qc2 exd4 13. cxd4 Nxe3 14. fxe3 Qxe3+ 15. Qe2 Qxe2+ 16. Bxe2 Bg4 17. 0-0 Rae8 18. Rae1 Re3 19. c5 Be6 20. cxd6 cxd6 21. a4 Re8 22. Bb5 Bd5 23. Rxe3 Rxe3 24. Kf2 Re7 25. Rc1 Bxf3 26. gxf3 Nxd4 0-1

[Event "Heraklion ESSNA op"]
[Site "Heraklion"]
[Date "1998.??.??"]
[Round "7"]
[White "Siamidis, Dimitrios"]
[Black "Panagiotidis, Dimitrios"]
[Result "0-1"]
[WhiteElo "2005"]
[BlackElo "1900"]
[PlyCount "80"]
[EventDate "1998.??.??"]
[EventType "swiss"]
[EventRounds "9"]
[EventCountry "GRE"]
[SourceTitle "EXT 2004"]
[Source "ChessBase"]
[SourceDate "2003.11.25"]
[SourceVersion "1"]
[SourceVersionDate "2003.11.25"]
[SourceQuality "1"]

1. e4 c5 2. Nc3 d6 3. g3 g6 4. Bg2 Bg7 5. d3 Nc6 6. f4 e6 7. Nf3 Nge7 8. 0-0 0-0 9. Rb1 d5 10. e5 h5 11. Nh4 Nd4 12. Be3 Qa5 13. Bxd4 cxd4 14. b4 Qb6 15. Ne2 Bd7 16. Qd2 Rac8 17. Rfc1 Rc7 18. Bh3 Bh6 19. Nf3 f6 20. b5 Rc5 21. a4 Qc7 22. Qb4 Bc8 23. Nexd4 Nf5 24. Nxf5 exf5 25. c4 g5 26. fxg5 fxg5 27. d4 Rxc4 28. Rxc4 Qxc4 29. Qxc4 dxc4 30. Bf1 Be6 31. Ne1 Rd8 32. Nc2 g4 33. Kf2 f4 34. Rd1 f3 35. Ne3 c3 36. Rd3 Rc8 37. Rd1 c2 38. Rc1 Rc3 39. Nd1 Bxc1 40. Nxc3 Be3+ 0-1